000 00416nam a2200169 i 4500
001 bg
100 1 _aCACKOWSKI, Zdzisław.
245 1 0 _aZasadnicze zagadnienia filozofii /
_cZdzisław Cackowski.
260 _aWarszawa,
_c1989.
650 9 _aFilozofia
655 _aPodręczniki akademickie
040 _cBPK
041 _apol
080 _a1(075.8)
942 _cKS
008 s pl f |000 0 pol
999 _c3920
_d3920
856 _uhttp://koha.tu.koszalin.pl/cgi-bin/koha/opac-detail.pl?biblionumber=3920
_yKatalog online BPK